000 00930nam a22002417a 4500
001 76054
003 BD-RjUL
005 20211209082800.0
008 191016s2018 bg a|||| |||| 00| 0 ben d
020 _a9789849344858
035 _a(BD-RjUL)76274
040 _aBD-RjUL
_beng
_cBD-RjUL
041 _aeng
082 _223
_a954.9205
_bSOH 2018
100 _aসোহাগ, সাইফুর রহমান
_9147372
245 _aহৃদয়ে বঙ্গবন্ধু প্রেরণায় শেখ হাসিনা /
_cসাইফুর রহমান সোহাগ
260 _aঢাকা :
_bশব্দশৈলী,
_c২০১৮
300 _a৯৫ পৃ. :
_bচিত্র ;
_c২২ সেমি.
600 _aMujibur Rahman,
_cSheikh,
_d1920-1975
_9233820
650 _aBangladesh
_xHistory
_y Revolution, 1971
_9233818
650 _aEx-presidents
_xBangladesh
_9233819
942 _2ddc
_cBK
999 _c76054
_d76054